Pokémon - Les attaques de Colhomard - Statistiques

Statistiques générales
  • Ce quiz a été pris 27 fois
  • Le résultat moyen est 8 sur 16
Statistiques - réponses
Niveaux Types Noms des attaques % Correct
Niveau 28 Ténèbres Tranche-Nuit
93%
Niveau 12 Eau Bulles d'O
79%
Niveau 52 Eau Pince-Masse
79%
Départ Eau Pistolet à O
79%
Niveau 16 Ténèbres Sabotage
79%
Départ Normal Groz'Yeux
71%
Départ Ténèbres Provoc
57%
Départ Normal Armure
43%
Niveau 34 Eau Coqui-Lame
43%
Niveau 64 Normal Guillotine
43%
Niveau 40 Normal Danse Lames
36%
Niveau 24 Normal Abri
29%
Départ Évolution Normal Météores
29%
Niveau 46 Ténèbres Mâchouille
21%
Niveau 58 Normal Effort
14%
Niveau 20 Normal Coup Double
7%
Aucun quiz correspondant
Distribution des résultats
% des personnes avec chaque résultat
Percentile par nombre de réponses
Votre historique - résultats
Vous n’avez pas pris ce quiz